| 000 | 00847nam a2200217 i 4500 | ||
|---|---|---|---|
| 001 | 183404 | ||
| 003 | SpMaBN | ||
| 005 | 20250902054527.0 | ||
| 008 | 170323s1971 sp |||| | spa d | ||
| 080 | _a658.5(088.3) | ||
| 100 | 1 |
_aTownsend, Robert. _9111190 |
|
| 245 | 1 | 0 |
_aArriba la organización _b: cómo evitar que la organización ahogue a los empleados y se coma los beneficios / _cRobert Townsend ; [edición traducida y revisada por Jaime Nonell Fortuny]. |
| 250 | _a3ª ed. rev. y amp. | ||
| 260 |
_aBarcelona : _bGrijalbo, _c1971. |
||
| 300 |
_a280 p. ; _c20 cm. |
||
| 490 | 1 | _aColección Norte | |
| 650 | 7 |
_aDirección de empresas _2embne _9162153 |
|
| 830 | 0 |
_aColección Norte _9184640 |
|
| 852 |
_aES-MaACL _jL-31308 _z- enc. cart. _z. - Donat. herederos de la bibl. de Mª del Pilar Costa Palacín |
||
| 999 |
_c183404 _d183404 |
||